<?xml version="1.0" encoding="UTF-8"?>
<marc:record xmlns:marc="http://www.loc.gov/MARC21/slim">
   <marc:leader>00000nam a2200000 a 4500</marc:leader>
   <marc:datafield ind1="1" ind2=" " tag="100">
      <marc:subfield code="a">Solomon, Sheldon</marc:subfield>
      <marc:subfield code="4">aut</marc:subfield>
      <marc:subfield code="e">Verfasser/-in</marc:subfield>
   </marc:datafield>
   <marc:datafield ind1="1" ind2=" " tag="100">
      <marc:subfield code="a">Greenberg, Jeff</marc:subfield>
      <marc:subfield code="4">aut</marc:subfield>
      <marc:subfield code="e">Verfasser/-in</marc:subfield>
   </marc:datafield>
   <marc:datafield ind1="1" ind2=" " tag="100">
      <marc:subfield code="a">Pyszczynski, Tom</marc:subfield>
      <marc:subfield code="4">aut</marc:subfield>
      <marc:subfield code="e">Verfasser/-in</marc:subfield>
   </marc:datafield>
   <marc:datafield ind1="1" ind2=" " tag="100">
      <marc:subfield code="a">Kuhlmann-Krieg, Susanne</marc:subfield>
      <marc:subfield code="4">trl</marc:subfield>
      <marc:subfield code="e">Übersetzer/-in</marc:subfield>
   </marc:datafield>
   <marc:datafield ind1=" " ind2=" " tag="653">
      <marc:subfield code="a">Lebensführung</marc:subfield>
   </marc:datafield>
   <marc:datafield ind1=" " ind2=" " tag="653">
      <marc:subfield code="a">Sterblichkeit</marc:subfield>
   </marc:datafield>
   <marc:datafield ind1="0" ind2="0" tag="245">
      <marc:subfield code="a">Der Wurm in unseren Herzen</marc:subfield>
   </marc:datafield>
   <marc:datafield ind1="0" ind2="0" tag="245">
      <marc:subfield code="b">wie das Wissen um die Sterblichkeit unser Leben beeinflusst</marc:subfield>
   </marc:datafield>
   <marc:datafield ind1="0" ind2="0" tag="245">
      <marc:subfield code="c">Sheldon Solomon, Jeff Greenberg und Tom Pyszczynski. Aus dem Engl. von Susanne Kuhlmann-Krieg</marc:subfield>
   </marc:datafield>
   <marc:datafield ind1=" " ind2="1" tag="264">
      <marc:subfield code="a">München</marc:subfield>
      <marc:subfield code="b">DVA</marc:subfield>
      <marc:subfield code="c">2016</marc:subfield>
   </marc:datafield>
   <marc:datafield ind1="1" ind2=" " tag="520">
      <marc:subfield code="a">Angaben aus der Verlagsmeldung. Der Wurm in unserem Herzen : Wie das Wissen um die Sterblichkeit unser Leben beeinflusst The Worm at the Core: On the Role of Death in Life / von Sheldon Solomon, Jeff Greenberg, Tom Pyszczynski. Die treibende Kraft in unser aller Leben. Als Wurm im Herzen des Menschen bezeichnete der amerikanische Psychologe und Philosoph William James einst das Wissen um unsere Vergänglichkeit. In einer faszinierenden Studie, die auf zahlreichen Versuchen beruht, schildern die amerikanischen Psychologen Solomon, Greenberg und Pyszczynski, wie sehr die Furcht vor dem Nicht-mehr-Sein unser alltägliches Leben beeinflusst &#x96; häufig unbewusst. Menschen, die in bestimmten Situationen vor Entscheidungen gestellt werden, reagieren anders, wenn sie zuvor mit dem Gedanken an ihre Sterblichkeit konfrontiert wurden: So fällt ein Richter ein härteres Urteil gegen eine Angeklagte, die moralische Normen verletzt hat, und Studenten beurteilen Kritik am eigenen Land negativer. Zwei Dinge, so zeigen die Autoren, spielen eine wichtige Rolle bei der Bewältigung der Furcht: unsere Geborgenheit in einer Kultur, die für Sinnstiftung und eine umfassende Ordnung sorgt, sowie das Gefühl jedes Individuums, ein bedeutungsvolles Leben zu führen. Sie sind der Antrieb für die kulturellen Leistungen der Menschen, für unsere Loyalitäten, aber andererseits auch für Unruhen und Kriege. Ein Buch voll überraschender Einsichten!</marc:subfield>
   </marc:datafield>
   <marc:datafield ind1=" " ind2=" " tag="020">
      <marc:subfield code="a">9783421047250</marc:subfield>
      <marc:subfield code="9">9783421047250</marc:subfield>
   </marc:datafield>
   <marc:datafield ind1=" " ind2=" " tag="020">
      <marc:subfield code="a">ISBN 9783421047250 ? 25,70</marc:subfield>
      <marc:subfield code="9">ISBN 9783421047250 ? 25,70</marc:subfield>
   </marc:datafield>
   <marc:datafield ind1=" " ind2=" " tag="041">
      <marc:subfield code="a">ger</marc:subfield>
   </marc:datafield>
   <marc:datafield ind1=" " ind2=" " tag="500">
      <marc:subfield code="a">Literaturangaben</marc:subfield>
   </marc:datafield>
   <marc:datafield ind1="0" ind2=" " tag="490">
      <marc:subfield code="v">0</marc:subfield>
   </marc:datafield>
   <marc:datafield ind1=" " ind2=" " tag="300">
      <marc:subfield code="a">366 S.</marc:subfield>
   </marc:datafield>
</marc:record>
